000 00515nam a2200169Ia 4500
003 GCL
008 140319s9999 xx 000 0 ara d
040 _aGCL /
_cGCL
082 0 4 _a332.41
_bغ ت
100 1 _aغازى حسين عناية
245 1 0 _aالتضخم المالى /
_cغازى حسين عناية
260 _aالقاهرة :
_bمؤسسة شباب الجامعة ،
_c2006
300 _a191 ص ؛
_c24 سم
650 0 4 _aالاقتصاد
650 0 4 _aالتضخم المالى
942 _2ddc
_cBK
999 _c8315
_d8315